<?xml version="1.0" encoding="UTF-8"?>
<collection xmlns:xsi="http://www.w3.org/2001/XMLSchema-instance" xsi:schemaLocation="http://www.loc.gov/MARC21/slim http://www.loc.gov/standards/marcxml/schema/MARC21slim.xsd" xmlns="http://www.loc.gov/MARC21/slim">
 <record>
  <leader>00000cam a22000004a 4500</leader>
  <controlfield tag="001">UP-8027390931312486910</controlfield>
  <controlfield tag="003">Buklod</controlfield>
  <controlfield tag="005">20171007095330.0</controlfield>
  <controlfield tag="006">o--- |     ||   ||</controlfield>
  <controlfield tag="007">ta</controlfield>
  <controlfield tag="008">171007s2016    xx     d     r    |||| u|</controlfield>
  <datafield tag="020" ind1=" " ind2=" ">
   <subfield code="a">9781119164876 (hbk.)</subfield>
  </datafield>
  <datafield tag="035" ind1=" " ind2=" ">
   <subfield code="a">(iLib)UPCEB-00010598580</subfield>
  </datafield>
  <datafield tag="040" ind1=" " ind2=" ">
   <subfield code="a">RWB</subfield>
   <subfield code="b">eng</subfield>
   <subfield code="e">rda</subfield>
   <subfield code="c">RWB</subfield>
   <subfield code="d">YDX</subfield>
   <subfield code="d">OCLCQ</subfield>
  </datafield>
  <datafield tag="041" ind1=" " ind2=" ">
   <subfield code="a">eng</subfield>
  </datafield>
  <datafield tag="050" ind1=" " ind2="4">
   <subfield code="a">NA2750 .K143 2016</subfield>
  </datafield>
  <datafield tag="090" ind1=" " ind2="0">
   <subfield code="a">NA 2750</subfield>
   <subfield code="b">D47 2016</subfield>
  </datafield>
  <datafield tag="245" ind1="0" ind2="0">
   <subfield code="a">Design engineering refocused</subfield>
   <subfield code="c">Hanif Kara and Daniel Bosia.</subfield>
  </datafield>
  <datafield tag="246" ind1="1" ind2=" ">
   <subfield code="i">At head of title</subfield>
   <subfield code="a">AD smart03.</subfield>
  </datafield>
  <datafield tag="264" ind1=" " ind2="1">
   <subfield code="a">West Sussex, United Kingdom</subfield>
   <subfield code="b">John Wiley &amp; Sons Ltd</subfield>
   <subfield code="c">2016.</subfield>
  </datafield>
  <datafield tag="300" ind1=" " ind2=" ">
   <subfield code="a">240 pages</subfield>
   <subfield code="b">illustrations (some color)</subfield>
   <subfield code="c">25 cm.</subfield>
  </datafield>
  <datafield tag="500" ind1=" " ind2=" ">
   <subfield code="a">Monica Gayle Y. Alcudia (Recommending faculty) - Bookfair2017</subfield>
  </datafield>
  <datafield tag="504" ind1=" " ind2=" ">
   <subfield code="a">Includes bibliographical references and index.</subfield>
  </datafield>
  <datafield tag="505" ind1="0" ind2=" ">
   <subfield code="a">Introduction and Terrain / Hanif Kara -- Introduction and Terrain. The &quot;Pink Noise&quot; of Design Engineering / Hanif Kara -- Digital to Post-Digital / Daniel Bosia -- So Digital, It's Analogue / Jordan Brandt -- Architecture- Engineering Interface / Sawako Kaijima, Panagiotis Michalatos -- Abacus and Sketch / Andrew Ruck -- Digital Dexterity / Djordje Stojanovic -- Digital Vernacular / Jeroen Janssen, Adiam Sertzu -- Heft, Ontology and Horizon / Daniel Bosia -- Heft, Ontology and Horizon. Geometry and Organisation / Daniel Bosia -- Material Matter / Ed Moseley, Martijn Veltkamp -- Structural Dynamics / Philip Isaac -- Forces of Nature / Jeroen Janssen, Marc Zanchetta -- Structural Skins / Marco Cerini -- Hybrid Shells / Jeroen Janssen, Richard Parker -- Tensile Structures / Diego Cervera de la Rosa, Alessandro Margnelli, James Kingman -- Interweaving Practice / Edoardo Tibuzzi -- Editor Biographies -- Contributor Biographies -- Select Bibliography.</subfield>
  </datafield>
  <datafield tag="520" ind1=" " ind2=" ">
   <subfield code="a">The contents of the book will highlight the differences between the design and engineering disciplines - strengths and flaws. It will also illustrate examples of interdisciplinary interactions. Any false dichotomies will be revealed and the many non-linear processes borne out of challenging conventions between traditional and new modes of practice will be revealed. Projects based on a body of experience spanning many years will be selected to support experimentation that goes beyond an undisciplined search for originality, innovation and creativity. In addition to writings from Hanif Kara and Daniel Bosia contributions will be sought from specialists in the field who have played a role in the operations of P.art at AKT II - past and present - qualifying them to disseminate and distribute a particular form of 'knowledge'.-Features work of architectural practices: Adjaye Associates, Foster + Partners, Heatherwick Studio, HOK, Serie Architects, Wilkinson Eyre Architects and Zaha Hadid Architects.-In addition to AKT II, it will encompass the work of engineers and engineering consultants such as: Arup, Cecil Balmond, Buckminster Fuller, Buro Happold, Pier Luigi Nervi and Peter Rice.</subfield>
  </datafield>
  <datafield tag="650" ind1=" " ind2="0">
   <subfield code="a">Architectural design.</subfield>
  </datafield>
  <datafield tag="650" ind1=" " ind2="0">
   <subfield code="a">Engineering design.</subfield>
  </datafield>
  <datafield tag="700" ind1="1" ind2=" ">
   <subfield code="a">Bosia, Daniel</subfield>
   <subfield code="e">author.</subfield>
  </datafield>
  <datafield tag="700" ind1="1" ind2=" ">
   <subfield code="a">Kara, Hanif.</subfield>
  </datafield>
  <datafield tag="905" ind1=" " ind2=" ">
   <subfield code="a">FO</subfield>
  </datafield>
  <datafield tag="852" ind1="0" ind2=" ">
   <subfield code="a">UPCEB</subfield>
   <subfield code="b">CEBU-LAHUG</subfield>
   <subfield code="h">NA 2750</subfield>
   <subfield code="i">D47 2016</subfield>
  </datafield>
  <datafield tag="942" ind1=" " ind2=" ">
   <subfield code="a">Book</subfield>
  </datafield>
 </record>
</collection>
